Surveying / (Record no. 1918)
[ view plain ]
| 000 -LEADER | |
|---|---|
| fixed length control field | 00378cam a2200157ua 4500 |
| 003 - CONTROL NUMBER IDENTIFIER | |
| control field | OSt |
| 008 - FIXED-LENGTH DATA ELEMENTS--GENERAL INFORMATION | |
| fixed length control field | 250415b |||||||| |||| 00| 0 eng d |
| 041 ## - LANGUAGE CODE | |
| Language code of text/sound track or separate title | eng |
| 082 ## - DEWEY DECIMAL CLASSIFICATION NUMBER | |
| Classification number | 624.1517 |
| Item number | BAN/SU |
| 100 ## - MAIN ENTRY--AUTHOR NAME | |
| Personal name | Bannister, A . |
| 245 ## - TITLE STATEMENT | |
| Title | Surveying / |
| 260 ## - PUBLICATION, DISTRIBUTION, ETC. (IMPRINT) | |
| Place of publication | London : |
| Name of publisher | Pitman and sons Ltd , |
| Year of publication | 1959. |
| 300 ## - PHYSICAL DESCRIPTION | |
| Number of Pages | 438 ; . |
| 700 1# - ADDED ENTRY--PERSONAL NAME | |
| Personal name | Raymond, S . |
| 942 ## - ADDED ENTRY ELEMENTS (KOHA) | |
| Koha item type | Books |
| Withdrawn status | Lost status | Damaged status | Home library | Current library | Date acquired | Full call number | Accession Number | Koha item type |
|---|---|---|---|---|---|---|---|---|
| KAUAET | KAUAET | 07/04/2012 | 624.1517 BAN/SU | 3701 | Books | |||
| KAUAET | KAUAET | 07/04/2012 | 624.1517 BAN/SU | 21772 | Books |
